Normal view
MARC view
Entry Personal Name
001 - CONTROL NUMBER
- control field: 1127724
003 - CONTROL NUMBER IDENTIFIER
- control field:
005 - DATE AND TIME OF LATEST TRANSACTION
- control field: 20210628161803.0
008 - FIXED-LENGTH DATA ELEMENTS
- fixed length control field: 210628|| aca||aabn | a|a d
040 ## - CATALOGING SOURCE
- Original cataloging agency:
- Transcribing agency:
100 ## - HEADING--PERSONAL NAME
- Personal name: Cardno, Carol E. M
670 ## - SOURCE DATA FOUND
- Source citation: Work cat.: ()1159341: Cardno, Carol E. M., Managing effective relationships in education, 2012.
